Normal view MARC view
  • Lévy, Bernard-Henri,

Entry Nombre Personal

Number of records used in: 1

001 - NUMERO DE CONTROL

  • campo de control: 48912

003 - IDENTIFICADOR DE NUMERO DE CONTROL

  • campo de control: DLC

005 - FECHA Y HORA DE LA ÜLTIMA TRANSACCIÓN

  • campo de control: 20230516105228.0

008 - DATOS DE LONGITUD FIJA

  • campo de control de longitud fija: 230516n| azannaabn |b aaa

010 ## - NÚMERO DE CONTROL DE LA BIBLIOTECA DEL CONGRESO

  • Número de control LC: n 80051527

035 ## - NUMERO DE CONTROL

  • Número de control: (OCoLC)oca00433374

040 ## - FUENTE DE CATALOGACIÓN

  • Agencia original de catalogación: DLC
  • Lenguaje de catalogación: spa
  • Description conventions: rda
  • Agencia de transcripción: DLC
  • Agencia que lo modifica: DLC-R
  • Agencia que lo modifica: DLC
  • Agencia que lo modifica: OCoLC
  • Agencia que lo modifica: DLC
  • Agencia que lo modifica: WU
  • Agencia que lo modifica: ScU
  • Agencia que lo modifica: MX-MxUPN

046 ## - FECHAS CON CODIFICACIÓN ESPECIAL

  • Fecha de nacimiento: 1948-11-05
  • Fuente del formato de fecha: edtf

053 #0 - NÚMERO DE CLASIFICACIÓN LC

  • Número de clasificación elemento-número único o número inicial de tramo: PQ2672.E946

100 1# - ENCABEZAMIENTO - NOMBRE PERSONAL

  • Nombre personal: Lévy, Bernard-Henri,
  • Fechas asociadas con el nombre: 1948-

370 ## - LUGAR ASOCIADO

  • Place of birth: Béni Saf, Algeria
  • Associated country: Francia

374 ## - OCUPACIÓN

  • Occupation: Intelectual
  • Occupation: Autor
  • Fuente del término: lcsh

375 ## - GÉNERO

  • Gender: Masculino
  • Fuente del término: lcdgt

377 ## - LENGUA ASOCIADA

  • Language code: fre
  • Language code: eng

400 1# - VEÁSE - NOMBRE DE PERSONA

  • Personal name: Leṿi, Bernard Anri

400 1# - VEÁSE - NOMBRE DE PERSONA

  • Personal name: לוי, ברנאר־אנרי

400 1# - VEÁSE - NOMBRE DE PERSONA

  • Personal name: לוי, ברנארד אנרי

400 0# - VEÁSE - NOMBRE DE PERSONA

  • Personal name: BHL

400 1# - VEÁSE - NOMBRE DE PERSONA

  • Personal name: L, BH

670 ## - FUENTE EN LA QUE SE LOCALIZARON DATOS

  • Cita de la fuente: Bangla Desh, 1973.

670 ## - FUENTE EN LA QUE SE LOCALIZARON DATOS

  • Cita de la fuente: Anṭishemiyut ha-yom, 1984:
  • Información localizada: página 15 (Prof. Bernard Anri Leṿi)

670 ## - FUENTE EN LA QUE SE LOCALIZARON DATOS

  • Cita de la fuente: What good are intellectuals? 2000:
  • Información localizada: ECIP portada (Levy, Bernard-Henri)

670 ## - FUENTE EN LA QUE SE LOCALIZARON DATOS

  • Cita de la fuente: Wikipedia, July 3, 2013:
  • Información localizada: (Bernard-Henri Lévy; born 5 November 1948 in Béni Saf, Algeria; French public intellectual and author. Often referred to today in France simply as BHL, he was one of the leaders of the "Nouveaux Philosophes" (New Philosophers) movement in 1976)

902 ## - CATALOGADOR

  • Catalogador: NDAF/160523